Statistics for Countries, US States, Capitals, Elements, 100 Most Common Words: Starting with G

Click here to take the quiz!

General Stats

  • This quiz has been taken 12,956 times
    (8,758 since last reset)
  • The average score is 18 of 24

Answer Stats

ANSWER% Correct
Georgia
94%
Georgia
94%
Go
93%
Germany
87%
Guinea
86%
Gabon
85%
Guatemala City
84%
Guyana
84%
Ghana
83%
Guatemala
83%
Guinea-Bissau
83%
Gambia
79%
Greece
78%
Grenada
76%
Get
75%
Germanium
67%
Georgetown
66%
Gold
65%
Give
61%
Gaborone
60%
Gallium
59%
Gitega
46%
Good
46%
Gadolinium
42%

Score Distribution

Percentile by Number Answered

Percent of People with Each Score

Your Score History

You have not taken this quiz since the last reset